000 00697nam a2200289Ia 4500
005 20260324123804.0
008 008 260324s9999 xx 000 0 eng d
020 _a9781315580210
037 _aEBOOK
040 _aCRL
040 _beng
040 _cCRL
041 _2eng
041 _aeng
084 _qCRL
100 _aJulia Hodgson; Helga Drummond
_91171657
245 0 _aEscalation in Decision-Making
245 0 _bBehavioural Economics in Business
260 _bTaylor and Francis
260 _c2011
365 _a
365 _b230
856 _uhttp://www.taylorfrancis.com/books/9781315580210
942 _cEBOOK
999 _c1765479
_d1765479